ბათუმის შოთა რუსთაველის სახელმწიფო უნივერსიტეტის ბიბლიოთეკა

თხზულებანი. ტ.2. (ბიბ.ჩანაწერი № 42461)

000 -LEADER
fixed length control field 00971nam a2200229Ia 4500
001 - CONTROL NUMBER
control field 9157
003 - CONTROL NUMBER IDENTIFIER
control field GE_BSU
008 - FIXED-LENGTH DATA ELEMENTS--GENERAL INFORMATION
fixed length control field 181216s||||||||xx |||||||||||||| ||und||
040 ## - CATALOGING SOURCE
Transcribing agency GE_BSU
080 ## - UNIVERSAL DECIMAL CLASSIFICATION NUMBER
Universal Decimal Classification number 821.353.1-32
100 ## - MAIN ENTRY--PERSONAL NAME
Personal name კლდიაშვილი,დავით
245 ## - TITLE STATEMENT
Title თხზულებანი. ტ.2.
245 ## - TITLE STATEMENT
Remainder of title თხზულებათა სრული კრებული ორ ტომად
245 ## - TITLE STATEMENT
Statement of responsibility, etc. წინას. ავტ. ს.ჭილაია.რედ.ს.კლდიაშვილი
260 ## - PUBLICATION, DISTRIBUTION, ETC.
Place of publication, distribution, etc. თბილისი
260 ## - PUBLICATION, DISTRIBUTION, ETC.
Name of publisher, distributor, etc. საბჭ.მწერლის გამ–ბა
260 ## - PUBLICATION, DISTRIBUTION, ETC.
Date of publication, distribution, etc. 1952
300 ## - PHYSICAL DESCRIPTION
Extent 404გვ.23სმ.
520 ## - SUMMARY, ETC.
Summary, etc. დანართი:შენიშვნები გვ.389-394. დავით კლდიაშვილის ლექსიკონი–მ.ალავიძე გვ.395-402
653 ## - INDEX TERM--UNCONTROLLED
Uncontrolled term თხზულებანი
942 ## - ADDED ENTRY ELEMENTS (KOHA)
Koha item type წიგნი

არაა ხელმისაწვდომი ეგზემპლარები.